000 00302nam a2200109Ia 4500
008 171211s9999 xx 000 0 und d
245 _aWall Turbulence Control
245 _cSedat Tardu
260 _c2017
650 _xEngineering and Technology
856 _uhttp://down.ebook777.com/065/1848215592.pdf
999 _c350277
_d350277